00296nam a22000977a 4500041001200000082001500012100002700027245009300054260004300147300000800190 aEnglish a270.82 ATS aAmerican Tract Society aEcumenical Missionary Conference: New York, 1990: Report of the Ecumenical Conference... aNew YorkbAmerican Tract Societyc1900 a484